都市名から気候当て5 - Statistics

General Stats
  • This quiz has been taken 18 times
  • The average score is 8 of 20
Answer Stats
Hint Extra Hint Answer % Correct
所沢市 埼玉県の都市、東京のベットタウン Cfa
80%
ロッテルダム オランダの都市、石油化学工業が盛ん、ライン川河口のユーロポートはヨーロッパ最大の港 Cfb
67%
モントリオール カナダ人口第2位の都市、モントリオール議定書を採択、1976年夏季五輪 Df
67%
ゴールドコースト オーストラリア東岸の都市、ビーチ目的で行く観光都市、日本人が多く訪れる Cfa
60%
ミュンヘン ドイツ南部の都市、二次大戦で占領、1972年に夏季五輪、BMWの本社がある Cfb
60%
ポートビラ バヌアツの首都 Af
47%
ヒューストン アメリカ南部の都市、NASAがあるため航空機産業が盛ん Cfa
47%
イロイロ フィリピンの都市、砂糖の輸出で発展した、マジで覚えなくていい Am
40%
ベンガルール(バンガロール) 「インドのシリコンバレー」として知られる Aw
40%
リマ ペルーの首都、寒流のペルー海流の影響を受ける、プライメートシティ BW
33%
アトランタ アメリカ南部の都市、ハブ空港があり交通都市、1996年に夏季五輪 Cfa
33%
サンティアゴ チリの首都、メキシコシティ同様盆地に位置するためスモッグが深刻 Cs
33%
バマコ マリの首都、マリ帝国時代からの都市 Aw
27%
セントルイス アメリカ中部の都市、ミシシッピ川とイリノイ川の合流にある、この気候の北限、1904年に夏季五輪開催 Cfa
27%
エルサレム イスラエルの首都?、キリスト教、イスラム教、ユダヤ教の聖地、紛争が絶えない Cs
27%
トビリシ ジョージアの首都 Cfa
20%
ボゴタ コロンビアの首都、高山都市であるため常春 Cfb
20%
ストックホルム スウェーデンの首都、1912年に夏季五輪 Cfb
13%
トリポリ リビアの首都、地中海沿岸の都市 BS
7%
ソチ 黒海沿岸のロシアの都市、2014年に冬季五輪が開催 Cfa
7%
No matching quizzes found
Score Distribution
Percent of People with Each Score
Percentile by Number Answered
Your Score History
You have not taken this quiz